Responses for show #4572 - Tuesday, June 22, 2004

Ken Jennings game 15.

Contestants

[<< previous game]

Kelly Parker, an interlibrary loan specialist from Atlanta, Georgia

Rick Faulkner, a law student from Orange, California

Ken Jennings, a software engineer from Salt Lake City, Utah (whose 14-day cash winnings total $471,759)

[next game >>]

Jeopardy! Round responses

A WOMAN OF THE WORLD
SPORTS BIOS
SECRET SERVICE CODE NAMES
CANADA, EH
RIPLEY'S BELIEVE IT OR NOT!
GIVE US "Z" ANSWER!!!
    $200 4
Elizabeth II

Rick
    $200 14
Brett Favre

Ken
    $200 26
Bill Clinton

Kelly
    $200 9
the United States

Kelly
    $200 21
(Ken: What is sand?)

rice

KenRick
    $200 1
Zeus

Ken
    $400 10
Indira Gandhi

Ken
    $400 15
(Ken: Who is Pete Sampras?)

Agassi

KenRick
    $400 27
Reagan

Ken
    $400 18
a Canada goose

Ken
    $400 22
snakes

Rick
    $400 2
Zsa Zsa Gabor

Rick
    $600 11
Catherine the Great

Ken
    $600 16
Gordie Howe

Rick
    $600 28
Carter

Ken
    $600 5
the Yukon

Ken
    $600 23
[Unlike the other clues in the category, this one did not end with an exclamation point.]

the crucifixion

Rick
    $600 6
Frank Zappa

Ken
    $800 12
(Rick: What is Indonesia?)

Turkey

RickKelly
    $800 3
Mary Lou Retton

Kelly
    $800 29
President Harry Truman

Triple Stumper
    $800 19
Alberta

Ken
    $800 24
(Kelly: What is a mannequin?)
...
(Alex: The guy's not well.)

a Barbie doll

Kelly
Triple Stumper
    $800 7
zinc

Ken
    $1000 13
Cuba

Triple Stumper
    $1000 17
Patrick Ewing

Rick
    $1000 30
Pope John Paul II

Triple Stumper
    $1000 20
the CFL (Canadian Football League)

Ken
    $1000 25
chimps

Ken
    $2,200 8
Zagreb

Ken

Scores at the first commercial break (after clue 15):

Ken Rick Kelly
$5,200 $200 $1,800

Scores at the end of the Jeopardy! Round:

Ken Rick Kelly
$9,200 $3,000 $1,200

Double Jeopardy! Round responses

NOVEL WEDDINGS
THEY PLAYED JESSE JAMES
A "D" IN HISTORY
ROGER THAT
MATH CLASS
ON A POSITIVE NOTE
    $400 1
Scarlett O'Hara

Ken
    $400 26
Rob Lowe

Kelly
    $400 21
(Richard) Daley

Ken
    $400 6
Roger Maris

Ken
    $400 11
4

Ken
    $400 16
(Alex: Correct!)

correct

Rick
    $800 2
The Great Gatsby

Rick
    $800 27
Robert Wagner

Ken
    $800 22
Devil's Island

Ken
    $800 7
Roger Daltrey

Ken
    $800 12
0

Ken
    $800 17
(Kelly: What is positively?)
...
(Alex: Exactly! Yes.)

exactly

RickKelly
    $1200 3
Jane Eyre

Ken
    $1200 28
Clayton Moore

Ken
    $1200 23
the Dominicans

Triple Stumper
    $1200 8
Birds

Ken
    $1200 13
(Ken: What is one through nine?)
(Kelly: Uh, what are one, two, and three?)
(Alex: No. We're going
with ordinal numbers. Hence, we're looking for first, second and third. And we go back to Ken.)
(Ken: Oops.)

first, second, & third

KenKelly
Triple Stumper
    $1200 18
(Alex: Right.)

right

Ken
    $4,200 4
East of Eden

Ken
    $1600 29
The Long Riders

Triple Stumper
    $1600 24
Dunsinane

Kelly
    $5,600 9
(Ken: What is a temperance union?)

the ACLU (American Civil Liberties Union)

Ken
    $1600 14
a pie chart

Kelly
    $1600 19
(Ken: What is a great yea?)

yes

Ken
Triple Stumper
    $2000 5
Member of the Wedding

Ken
    $2000 30
(Robert) Duvall

Ken
    $2000 25
Darwin

Ken
    $2000 10
Roger Chaffee

Ken
    $2000 15
cubing it

Kelly
    $2000 20
(Alex: You got it! You got it right.)

"You Got It"

Rick

Scores at the end of the Double Jeopardy! Round:

Ken Rick Kelly
$22,600 $7,000 $4,800
(lock game)

[wagering suggestions for these scores]

Final Jeopardy! Round responses

HISTORIC PARTNERSHIPS
KellyWho are Marx and Engels?
$2,800
RickWho are ?
$2,601
KenWho are Hi Mindy?
$7,400
Karl Marx & Friedrich Engels

Final scores:

Ken Rick Kelly
$15,200 $4,399 $7,600
15-day champion: $486,959 3rd place: $1,000 2nd place: $2,000

Game dynamics:

Coryat scores:

Ken Rick Kelly
$24,400 $7,000 $4,800
31 R
(including 2 DDs),
5 W
(including 1 DD)
12 R,
1 W
8 R,
3 W

Combined Coryat: $36,200

The J! Archive is created by fans, for fans. The Jeopardy! game show and all elements thereof, including but not limited to copyright and trademark thereto, are the property of Jeopardy Productions, Inc. and are protected under law. This website is not affiliated with, sponsored by, or operated by Jeopardy Productions, Inc. Join the discussion at JBoard.tv.